MARC details
| 000 -CABECERA |
| campo de control de longitud fija |
03865nam a2200493Ia 4500 |
| 001 - NÚMERO DE CONTROL |
| campo de control |
dia_1651 |
| 003 - IDENTIFICADOR DEL NÚMERO DE CONTROL |
| campo de control |
CHAP |
| 005 - FECHA Y HORA DE LA ÚLTIMA TRANSACCIÓN |
| campo de control |
20240826125732.0 |
| 007 - CAMPO FIJO DE DESCRIPCIÓN FÍSICA--INFORMACIÓN GENERAL |
| campo de control de longitud fija |
ta |
| 008 - DATOS DE LONGITUD FIJA--INFORMACIÓN GENERAL |
| campo de control de longitud fija |
220117s2015 mx ado frm 001 0 spa d |
| 010 ## - NÚMERO DE CONTROL DE LA BIBLIOTECA DEL CONGRESO |
| Número de control de LC |
172197 |
| 040 ## - FUENTE DE LA CATALOGACIÓN |
| Centro/agencia transcriptor |
CHAP |
| Centro catalogador/agencia de origen |
mxchpua |
| Normas de descripción |
rda |
| 041 0# - CÓDIGO DE LENGUA |
| Código de lengua del texto/banda sonora o título independiente |
spa |
| Código de lengua del sumario o resumen |
eng |
| 090 ## - LOCALMENTE ASIGNADO TIPO-LC NÚMERO DE CLASIFICACIÓN (OCLC); NÚMERO DE CLASIFICACIÓN LOCAL (RLIN) |
| Número de clasificación (OCLC) (R) ; Numero de clasificación, CALL (RLIN) (NR) |
Tesis |
| Número cutter local (OCLC) ; Número de libro/Signatura topográfica íntegra, CALL (RLIN) |
V37 |
| año |
2015 |
| 100 1# - ENTRADA PRINCIPAL--NOMBRE DE PERSONA |
| Nombre de persona |
Vargas Campos, Lilia |
| 240 10 - TÍTULO UNIFORME |
| Título uniforme |
Extraction, purification and microencapsulation of betalains of Stenocereus pruinosus fruit for use in food. |
| Lenguaje de la obra |
Español |
| 245 10 - MENCIÓN DE TÍTULO |
| Título |
Extracción, purificación y microencapsulación de betalaínas de frutos de Stenocereus pruinosus para uso en alimentos / |
| Mención de responsabilidad, etc. |
Lilia Vargas Campos |
| 264 ## - PRODUCCIÓN, PUBLICACIÓN, DISTRIBUCIÓN, FABRICACIÓN Y COPYRIGHT |
| Producción, publicación, distribución, fabricación y copyright |
Chapingo, México : |
| Nombre del de productor, editor, distribuidor, fabricante |
El autor, |
| Fecha de producción, publicación, distribución, fabricación o copyright |
2015 |
| 300 ## - DESCRIPCIÓN FÍSICA |
| Extensión |
xiii, 100 hojas : |
| Otras características físicas |
ilustraciones, gráficas, tablas, fotos + |
| Material acompañante/anejo |
1 CD-ROM |
| 336 ## - TIPO DE CONTENIDO |
| Fuente |
rdacontent |
| Término de tipo de contenido |
texto |
| Código de tipo de contenido |
txt |
| 337 ## - TIPO DE MEDIO |
| Fuente |
rdamedia |
| Nombre/término del tipo de medio |
no mediado |
| Código del tipo de medio |
n |
| 338 ## - TIPO DE SOPORTE |
| Fuente |
rdacarrier |
| Nombre/término del tipo de soporte |
volumen |
| Código del tipo de soporte |
nc |
| 500 ## - NOTA GENERAL |
| Nota general |
El CD contiene reporte |
| 502 ## - NOTA DE TESIS |
| Nota de tesis |
Tesis |
| Tipo de título |
(Maestro en Ciencias en Ciencia y Tecnología Agroalimentaria) -- |
| Nombre de la institución que otorga el título |
UACh. Departamento de Ingeniería Agroindustrial, |
| Año de obtención del título |
2015 |
| 504 ## - NOTA DE BIBLIOGRAFÍA, ETC. |
| Nota de bibliografía, etc. |
Bibliografía: hojas 88-100 |
| 520 3# - SUMARIO, ETC. |
| Sumario, etc. |
Los frutos de Stenocereus pruinosus representan una fuente de betalaínas. Sin embargo, estos pigmentos son susceptibles a temperatura, azúcares, pH, aw, luz y oxígeno. El objetivo de esta investigación fue extraer y purificar betalaínas por el método de Extracción Acuosa en Dos Fases (ATPE) y aplicar la encapsulación. Los azúcares se disminuyeron de 347.6 mg g-1 a 65.25 mg g-Se obtuvo alta eficiencia de encapsulación de betalaínas con almidón succinatado con una concentración de betacianinas de 0.5528 mgBC g-1 de cápsulas y betaxantinas de 0.5319 mgBX g-1 de cápsulas comparado con almidón fosfatado y almidón N-Lok con una concentración de betacianinas de 0.5384 y 0.3456 mgBC g-1 de cápsulas respectivamente y el contenido de betaxantinas de 0.5384 y 0.4030 mg BX g-1 de cápsulas respectivamente. La degradación de betalaínas microencapsuladas fue lenta para el almidón succinatado. Las microcápsulas de betalaínas fueron apropiadas para la aplicación en yogurt. -- |
| 520 3# - SUMARIO, ETC. |
| Sumario, etc. |
The fruits of Stenocereus pruinosus represent a source of betalains. However, these pigments are susceptible to temperature, sugars, pH, aw, light and oxygen. The objective of this research was to extract and purify by the method Aqueous Two Phase Extraction (ATPE) betalains and apply encapsulation. Sugars decreased from 347.6 mg g-1 to 65.25 mg g-High encapsulation efficiency betalains with succinylated starch was obtained with a concentration of betacyanins from 0.5528 mgBC g-1 capsule and betaxanthins of 0.5319 mgBX g-1 capsules compared with phosphorylated starch and N-Lok starch with a concentration of betacyanins from 0.5384 and 0.3456 mgBC g-1 capsules respectively and betaxanthins content of 0.5384 and 0.4030 mgBX g-1 capsules respectively. Betalains microencapsulated degradation was slow for succinylated starch. Betalains microcapsules were suitable for application in yoghurt |
| 650 13 - PUNTO DE ACCESO ADICIONAL DE MATERIA--TÉRMINO DE MATERIA |
| Término de materia o nombre geográfico como elemento de entrada |
Stenocereus |
| Fuente del encabezamiento o término |
atg |
| 650 13 - PUNTO DE ACCESO ADICIONAL DE MATERIA--TÉRMINO DE MATERIA |
| Término de materia o nombre geográfico como elemento de entrada |
Betalaínas |
| Subdivisión general |
Extracción |
| Fuente del encabezamiento o término |
atg |
| 650 13 - PUNTO DE ACCESO ADICIONAL DE MATERIA--TÉRMINO DE MATERIA |
| Término de materia o nombre geográfico como elemento de entrada |
Betalaínas |
| Subdivisión general |
Métodos de purificación |
| Fuente del encabezamiento o término |
atg |
| 650 13 - PUNTO DE ACCESO ADICIONAL DE MATERIA--TÉRMINO DE MATERIA |
| Término de materia o nombre geográfico como elemento de entrada |
Betalaínas |
| Subdivisión general |
Microencapsulación |
| Fuente del encabezamiento o término |
atg |
| 650 13 - PUNTO DE ACCESO ADICIONAL DE MATERIA--TÉRMINO DE MATERIA |
| Término de materia o nombre geográfico como elemento de entrada |
Betalains |
| Subdivisión general |
Extraction |
| Fuente del encabezamiento o término |
atg |
| 650 13 - PUNTO DE ACCESO ADICIONAL DE MATERIA--TÉRMINO DE MATERIA |
| Término de materia o nombre geográfico como elemento de entrada |
Betalains |
| Subdivisión general |
Microencapsulation |
| Fuente del encabezamiento o término |
atg |
| 650 13 - PUNTO DE ACCESO ADICIONAL DE MATERIA--TÉRMINO DE MATERIA |
| Término de materia o nombre geográfico como elemento de entrada |
Betalains |
| Subdivisión general |
Purification methods |
| Fuente del encabezamiento o término |
atg |
| 700 1# - PUNTO DE ACCESO ADICIONAL--NOMBRE DE PERSONA |
| Nombre de persona |
Valle Guadarrama, Salvador |
| Término indicativo de función/relación |
director |
| 700 1# - PUNTO DE ACCESO ADICIONAL--NOMBRE DE PERSONA |
| Nombre de persona |
Lobato Calleros, Consuelo Silvia Olivia |
| Término indicativo de función/relación |
asesora |
| 700 0# - PUNTO DE ACCESO ADICIONAL--NOMBRE DE PERSONA |
| Nombre de persona |
Salinas Moreno, Yolanda |
| Término indicativo de función/relación |
asesora |
| 856 41 - LOCALIZACIÓN Y ACCESO ELECTRÓNICOS |
| Identificador Uniforme del Recurso |
<a href="http://10.13.5.2/tesis/sist112532.pdf">http://10.13.5.2/tesis/sist112532.pdf</a> |
| Texto de enlace |
DESCARGAR PDF |
| 901 ## - ELEMENTOS DE DATOS A LOCAL LDA (RLIN) |
| a |
TESIS V37 2015 |
| 942 ## - ELEMENTOS DE PUNTO DE ACCESO ADICIONAL (KOHA) |
| Tipo de ítem Koha |
TESIS |
| Fuente del sistema de clasificación o colocación |
Clasificación Universidad Autónoma Chapingo |
| 902 ## - ELEMENTOS DE DATOS B LOCAL, LDB (RLIN) |
| a |
M |
| 905 ## - ELEMENTOS DE DATOS E LOCAL, LDE (RLIN) |
| a |
5232272015 mx dnml8223123322spa16 |